01704nam a2200349 a 450000100100000000500170001000800410002702000150006804000250008308200220010810000470013024500830017726000540026030000200031449000170033450000730035150400300042459000260045465000930048065000710057365000280064465000300067265000310070265000280073383000260076191000370078795201340082495201340095895201200109295201250121299900170133700002178620241017090756.0100913s2006 dr 001 0 spa d a9945068105 aDO-SdBNPbspacBNPHU a467.9729383bE79h1 aEstévez Aristy, Justiniano,d1962-9321210aHuellas aborígenes en el nombre de La Romana /cJustiniano Estévez Aristy. aSanto Domingo :bJunta Cultura Dominicana,c2006. a58 p. ;c22 cm.1 aPedro Mirv1 aIncluye datos biográficos del autor en las solapas de la cubierta. aBibliografía : p. 55-58 aInventariado, 2018/LP 4aLinguística antropológicaxHistoriazLa Romana (República Dominicana{Rpara}945256 4aIndigenas de las antillasxHistoriazRepública Dominicana945257 4aTainosxHistoria945258 0aIdentidad colectiva91723 4aLenguaje e historia945259 4aLenguaje y lenguas9407 0aPedro Mir ;n1945260 aValidado. Control de calidad EMS 001054708DSaGRbGRcHDd2010-09-13iLF1l0o467.9729383 E79hp21786-30r2020-06-25te.3w2020-06-25yLFDSZPréstamo en sala 001054708DSaGRbGRcHDd2013-05-09iLF1l0o467.9729383 E79hp21786-40r2020-06-25te.4w2020-06-25yLFDSZPréstamo en sala 0010718PDaPDbPDcHDd2010-09-13iLF1l0o467.9729383 E79hp21786-10r2020-06-25w2020-06-25yLFPDZNo se presta 0010718PDaPDbPDcHDd2010-09-13iLF1l0o467.9729383 E79hp21786-20r2020-06-25te.2w2020-06-25yLFPDZNo se presta c21285d21285